Honnyi Törvény

Podrobná bibliografia
Hlavný autor: Illés, Georch (Autor)
Médium: Kniha
Jazyk:angličtina
Fyzický popis:375 s.
Vydavateľské údaje: Pesten Trattner Mátuás´Betüvel 1808

MARC

LEADER 00000nam a2200000 a 4500
001 vtls008161224
003 SK-MaSNL
005 20260301102013.0
008 240314 000 0 eng
040 |a SNK  |b slo  |c SNK  |e AACR2 
100 1 |a Illés, Georch  |4 aut  |9 437141 
245 1 0 |a Honnyi Törvény 
260 |a Pesten  |b Trattner Mátuás´Betüvel  |c 1808 
300 |a 375 s. 
999 |c 690905  |d 692835 
952 |a SNK  |b SNK  |y VYP  |7 0  |p 17A0473295  |o snkSD 1774/2/2 D1  |i snk3252/44  |3 Rekatalogizácia  |0 0  |1 0  |4 0  |d 2005-06-18  |l 0  |r 2026-02-23 20:26:28  |w 2026-02-23 
952 |a SNK  |b SNK  |y VYP  |7 0  |p 17A0473329  |o snkSD 1774/2/2 D2  |i snkK 989/71  |3 Rekatalogizácia  |0 0  |1 0  |4 0  |d 2005-06-18  |l 0  |r 2026-02-23 20:26:28  |w 2026-02-23